000
00301nam a2200133Ia 4500
008
231129s1971||||xx |||||||||||||| ||spa||
040
_b
spa
082
_a
891.73 B933n
100
_a
Bulgakov Mijail A.
245
0
_a
Novela teatral
260
_c
1971
264
_a
Salvat-Alianza
942
_2
ddc
_c
BKS
999
_c
21806
_d
21806